Catálogo
 En Linea

POMA 3 : (Registro nro. 41700)

Detalles MARC
000 -CABECERA
campo de control de longitud fija 00738nam a2200217 a 4500
001 - NÚMERO DE CONTROL
campo de control 000042211
003 - IDENTIFICADOR DEL NÚMERO DE CONTROL
campo de control OSt
005 - FECHA Y HORA DE LA ÚLTIMA TRANSACCIÓN
campo de control 20201106080132.0
007 - CAMPO FIJO DE DESCRIPCIÓN FÍSICA--INFORMACIÓN GENERAL
campo de control de longitud fija ta
008 - DATOS DE LONGITUD FIJA--INFORMACIÓN GENERAL
campo de control de longitud fija 131119s2011 dr ad 000 0 spa d
040 ## - FUENTE DE LA CATALOGACIÓN
Centro catalogador/agencia de origen DO-SdBNP
Lengua de catalogación spa
Centro/agencia transcriptor BNPHU
041 ## - CÓDIGO DE LENGUA
Código de lengua original spa
100 1# - ENTRADA PRINCIPAL--NOMBRE DE PERSONA
Nombre de persona Díaz Esteves, José V.
9 (RLIN) 69230
245 10 - MENCIÓN DE TÍTULO
Título POMA 3 :
Resto del título análisis de sus aplicaciones en el MESCYT desde el 2007 al 2011 /
Mención de responsabilidad, etc. José V. Díaz Esteves.
260 ## - PUBLICACIÓN, DISTRIBUCIÓN, ETC.
Lugar de publicación, distribución, etc. Santo Domingo :
Nombre del editor, distribuidor, etc. Ministerio de Educación Superior Ciencia y Tecnología,
Fecha de publicación, distribución, etc. [2011].
300 ## - DESCRIPCIÓN FÍSICA
Extensión 342 p. :
Otras características físicas il., gráf. ;
Dimensiones 28 cm.
490 1# - MENCIÓN DE SERIE
Mención de serie Col. Humanidades ,
-- investigación ;
Designación de volumen o secuencia 4
504 ## - NOTA DE BIBLIOGRAFÍA, ETC.
Nota de bibliografía, etc. Bibliografía : p. 339-341
830 #0 - PUNTO DE ACCESO ADICIONAL DE SERIE-TÍTULO UNIFORME
Título uniforme Humanidades
Nombre de parte o sección de la obra investigación
Designación de volumen o secuencia 4
9 (RLIN) 69231
942 ## - ELEMENTOS DE PUNTO DE ACCESO ADICIONAL (KOHA)
Fuente del sistema de clasificación o colocación Dewey Decimal Classification
Tipo de ítem Koha Libro
Existencias
Estado de retiro Estado de pérdida Fuente del sistema de clasificación o colocación No para préstamo Código de colección Localización permanente Ubicación/localización actual Ubicación en estantería Fecha de adquisición Fuente de adquisición Número de inventario Total de préstamos Signatura topográfica completa Código de barras Fecha visto por última vez Número de copia Precio válido a partir de Tipo de ítem Koha Nota pública
    Dewey Decimal Classification Préstamo en sala Dominicana de Servicio General General En catalogación 05.12.2017 Donado por ICDA LF1   42211-30 25.06.2020 e. 3 25.06.2020 Libro y Folleto Colección Dominicana de Servicio  
    Dewey Decimal Classification   Dominicana de Servicio General General En catalogación 17.12.2018   LF1   42211-40 25.06.2020 e.4 25.06.2020 Libro y Folleto Colección Dominicana de Servicio  
    Dewey Decimal Classification   Dominicana de Servicio General General En catalogación 19.11.2013   LF1   42212-50 25.06.2020 e.5 25.06.2020 Libro y Folleto Colección Dominicana de Servicio Extraviado
    Dewey Decimal Classification Excluido de préstamo Patrimonio Dominicano Patrimonio Dominicano Patrimonio Dominicano En catalogación 19.11.2013   LF1   42211-10 25.06.2020   25.06.2020 Libro y Folleto Colección Patrimonio Dominicano  
    Dewey Decimal Classification Excluido de préstamo Patrimonio Dominicano Patrimonio Dominicano Patrimonio Dominicano En catalogación 19.11.2013   LF1   42211-20 25.06.2020 e.2 25.06.2020 Libro y Folleto Colección Patrimonio Dominicano  

Con tecnología Koha